000 00442nam a2200169 i 4500
001 68102
003 ES-MaACL
005 20230906170215.0
007 t|
008 040610s1971 sp ||||1| spa d
100 1 _aGanzo, Julio.
_953894
245 1 4 _aLos campeones del mundo /
_cJulio Ganzo.
250 _a[1ยช ed.].
260 _aMadrid :
_bAguilar,
_c1971.
300 _a351 p. :
_bil. ;
_c21 cm.
852 _aES-MaACL
_jC-47393
_bR.76947
999 _c68102
_d68102